000 01321nam a2200349 i 4500
003 EG-GICUC
005 20260121101721.0
008 260113s2000 ua ||||fr|||| 00| 0 ara d
017 _a2000/18778
020 _a9770432156
040 _a EG-GICUC
_bara
_c EG-GICUC
_d EG-GICUC
_erda
041 0 _aara
082 0 4 _a343.431
_bهـ د . ج
_221
092 0 4 _221
099 _aLaw1 10 343.431 هـ د . ج 2000 1006410
100 0 _aهدى حامد قشقوش.
_eمؤلف.
240 1 3 _ale crime organise
245 1 2 _aالجريمة المنظمة = le crime organise :
_bالقواعد الموضوعية والإجرائية والتعاون الدولي /
_cدكتورة هدى حامد قشقوش.
264 1 _aالقاهرة :
_bدار النهضة العربية،
_c2000.
300 _a107 صفحة ؛
_c24 سم.
336 _2rda content
_atext
337 _2rda media
_aComputer
338 _2rda carrier
_aOnline Resource
504 _aيشتمل على ارجاعات ببليوجرافية.
546 _aالنص باللغة العربية
650 1 4 _aالتشريع الخاص بالإرهاب.
_2qrmak
650 1 4 _aالقانون الجنائي.
_2qrmak
651 1 _2qrmak
856 4 0 _uhttps://fll.law.cu.edu.eg/fulltext/bks/B10-06410.pdf
905 _a18
942 _2ddc
_cBK
_e21
_n0
999 _c56668
_d56668